00557nam a22001695i 450000100060000000300090000600500170001500700030003200800410003504000200007610000230009624501370011926000490025630000200030570000380032585200240036348590ES-MaACL20230915205310.0t|950725s1828 sp ||||1| spa d aCAM bspa cCAM1 aDesmarest, Eugene.10aQuímica b: compendio de esta ciencia y de sus aplicaciones a las artes / cpor Mr. Desmarest; traducido por José Luis Casaseca. aMadrid : b[s.n.], c1828 (fLeón Amarita) a2 v. ; c15 cm.1 aCasaseca, José Luis,d1800-1869 aES-MaACLjG-10797-8